| 000 | 00692nam a2200205 a 4500 | ||
|---|---|---|---|
| 005 | 20220210202121.0 | ||
| 008 | 050302s1998 mx r 000 0 spa d | ||
| 020 | _a9706370773 | ||
| 035 | _aUPN01000137722 | ||
| 049 | _aCG | ||
| 050 | 4 |
_aDC198 F7 _bZ8.3 |
|
| 100 | 1 |
_aZweig, Stefan, _d1881-1942 _928035 |
|
| 245 | 1 | 0 |
_aFouché : _bretrato de un político / _cStefan Zweig ; tr. Amelie Cuesta. |
| 260 |
_aMéxico : _bValle de México : _bGernika, _c1998. |
||
| 300 | _a276 p. | ||
| 440 | 0 |
_aClásicos de la ciencia política ; _v3. _p2a serie |
|
| 534 |
_pTraduccion de: _tFouché portrait d'un politicien |
||
| 600 | 1 | 4 |
_aFOUCHE, JOSEPH, _cDUQUE DE OTRANTE, _d1759-1820 _916280 |
| 905 | _aLibro | ||
| 999 |
_c109873 _d109873 |
||